Southville International School and Colleges
Your cart is empty.
  • Cart
  • Lists
    Public lists Eva Luna New books Lux_list list_1
    Your lists Log in to create your own lists
  • Log in to your account
  • Your cookies
  • Search history
Southville International School and Colleges
  • Advanced search
  • Recent comments
  • Most popular
  • Libraries

Log in to your account

Log in with GOOGLE


If you do not have an external account, but do have a local account, you can still log in:

  1. Home
  2. MARC view: The castle of Llyr.
Normal view MARC view ISBD view

The castle of Llyr. (Record no. 859)

[ view plain ]
MARC details
000 -LEADER
fixed length control field 00703nam a22002531 4500
001 - CONTROL NUMBER
control field 2169135
003 - CONTROL NUMBER IDENTIFIER
control field OSt
005 - DATE AND TIME OF LATEST TRANSACTION
control field 20140310181644.0
008 - FIXED-LENGTH DATA ELEMENTS--GENERAL INFORMATION
fixed length control field 711012s1966 nyua j 000 1 eng
010 ## - LIBRARY OF CONGRESS CONTROL NUMBER
LC control number 66013461
020 ## - INTERNATIONAL STANDARD BOOK NUMBER
International Standard Book Number 0440411254
040 ## - CATALOGING SOURCE
Original cataloging agency DLC
Transcribing agency DLC
Modifying agency DLC
050 00 - LIBRARY OF CONGRESS CALL NUMBER
Classification number PZ 7
Item number .Al374 1966
082 ## - DEWEY DECIMAL CLASSIFICATION NUMBER
Classification number KF A12c
Item number 1966
100 1# - MAIN ENTRY--PERSONAL NAME
Personal name Alexander, Lloyd.
9 (RLIN) 4094
245 14 - TITLE STATEMENT
Title The castle of Llyr.
250 ## - EDITION STATEMENT
Edition statement [1st ed.]
260 ## - PUBLICATION, DISTRIBUTION, ETC. (IMPRINT)
Place of publication, distribution, etc New York,
Name of publisher, distributor, etc Holt, Rinehart and Winston
Date of publication, distribution, etc [1966]
300 ## - PHYSICAL DESCRIPTION
Extent 201 p.
Other physical details illus.
Dimensions 24 cm.
541 ## - IMMEDIATE SOURCE OF ACQUISITION NOTE
-- 1
562 ## - COPY AND VERSION IDENTIFICATION NOTE
Number of copies for circulation. 1 copy available in the collection
906 ## - LOCAL DATA ELEMENT F, LDF (RLIN)
a 7
b cbc
c orignew
d u
e ocip
f 19
g y-gencatlg
942 ## - ADDED ENTRY ELEMENTS (KOHA)
Source of classification or shelving scheme Library of Congress Classification
Koha item type
Call number prefix
Holdings
Withdrawn status Lost status Source of classification or shelving scheme Damaged status Home library Current library Shelving location Date acquired Total Checkouts Full call number Barcode Date last seen Copy number Price effective from Koha item type Date checked out
    Library of Congress Classification   Luxembourg Library Luxembourg Library Kids Fiction Section 04/12/2012   PZ 7 .Al374 1966 7691 03/04/2016 1   Books  
    Library of Congress Classification   Luxembourg Library Luxembourg Library Kids Fiction Section 07/29/2013 1 PZ 7 .Al374 1966 4084 02/28/2020 2 07/29/2013 Books 02/24/2020

The castle of Llyr.

APA

Alexander L., . (1966). The castle of Llyr. New York: Holt, Rinehart and Winston.

Chicago

Alexander Lloyd, . 1966. The castle of Llyr. New York: Holt, Rinehart and Winston.

Harvard

Alexander L., . (1966). The castle of Llyr. New York: Holt, Rinehart and Winston.

MLA

Alexander Lloyd, . The castle of Llyr. New York: Holt, Rinehart and Winston. 1966.

  • Place hold
  • Print
  • Cite
  • Add to your cart (remove)
  • Save record
    BIBTEX Dublin Core MARCXML MARC (non-Unicode/MARC-8) MARC (Unicode/UTF-8) MARC (Unicode/UTF-8, Standard) MODS (XML) RIS
  • More searches
    Search for this title in:
    Other Libraries (WorldCat) Other Databases (Google Scholar) Online Stores (Bookfinder.com) Open Library (openlibrary.org)

Exporting to Dublin Core...

SOUTHVILLE LIBRARY

Southville International School and Colleges Library

1281 Tropical Ave. Cor. Luxembourg St., BF Homes International, Las Pinas City

Tel. No. 8256374 / 252358 Loc. 117/146

Powered by Koha